| 000 | 02897nam a22004697a 4500 | ||
|---|---|---|---|
| 001 | 000102358 | ||
| 003 | CHAP | ||
| 005 | 20260224115543.0 | ||
| 008 | 100719s2010 mx r 00010 spa d | ||
| 035 | _a110479 | ||
| 040 | _cCHAP | ||
| 090 | _aTesis | ||
| 100 | 1 | _aDíaz Pérez, Gabriel de Jesús. | |
| 245 | 1 | 0 |
_aSistema de información geográfica para 9 unidades de riego del municipio de Palmar de Bravo,/ Puebla / _cpor Gabriel de Jesús Díaz Pérez; director Francisco García Herrera. |
| 264 | 1 |
_aChapingo; México. _bEl autor, _c2010. |
|
| 300 |
_a1 recurso en línea (113 páginas). _bilus., cuadros, mapas, tablas. |
||
| 336 |
_2rdacontent _atexto _btxt |
||
| 337 |
_2rdamedia _acomputadora _bc |
||
| 338 |
_2rdacarrier _arecurso en línea _bcr |
||
| 502 |
_a _bII _cIrrigación _d2010. |
||
| 520 | _aEn el presente trabajo, se elabora un Sistema de Información Geográfica (SIG), de 9 unidades de riego del Municipio de Palmar de Bravo, Puebla. Donde se muestran la red de caminos, red de drenaje, padrón de usuarios y las características muy particulares del pozo que abastece a cada unidad. Los datos que se presentan en el trabajo fueron obtenidos de la fase de campo y parte de estudios anteriores. La finalidad de realizar este trabajo es elaborar un inventario particular de la red de canales, con el fin de servir como punto de partida, para la implementación y el desarrollo de obras de conservación, y con la parte de caminos es posible servir como base para el trazo y proyecto de nuevos caminos para facilitar el acceso a la unidad, así como para acortar la distancia para sacar más pronto la producción. Se presenta también un pequeño padrón de usuarios de cada unidad, donde se incluye la superficie en ha. y el nombre del dueño de la parcela. En el apartado de los pozos, se presentan las características particulares de cada uno de ellos, y al final se presenta la eficiencia electromecánica de la bomba en el tiempo de ejecución del presente estudio. | ||
| 590 |
_aALEPH _b10 _c20130110 |
||
| 590 |
_aBATCH-UPD _b10 _c20130110 |
||
| 590 |
_aBATCH-UPD _b10 _c20130410 |
||
| 590 |
_aBATCH-UPD _b10 _c20130914 |
||
| 590 |
_aBATCH-UPD _b10 _c20140324 |
||
| 590 |
_aBATCH-UPD _b10 _c20141002 |
||
| 590 |
_aCONVERSION _b10 _c20130109 |
||
| 590 |
_aE12093SGE _b10 _c20130718 |
||
| 650 | 1 | 4 | _aBombas mecánicas. |
| 650 | 1 | 4 | _aPozos para irrigación. |
| 650 | 1 | 4 | _aSistemas de Información Geográfica. |
| 650 | 1 | 4 |
_aUnidad de riego _xPuebla. |
| 700 | 1 |
_aGarcía Herrera, Francisco _edirector. |
|
| 856 |
_uhttp://10.13.5.2/tesis/110479.pdf _yDESCARGAR PDF |
||
| 901 | _aBK | ||
| 942 |
_cTesis _2Clasificación Universidad Autónoma Chapingo |
||
| 949 |
_aTesis _bBC _cTES _d33724002172876 _eTS1 _gDonaciØn _h50806 _i110479 _sb |
||
| 949 |
_aTesis _bBC _cTES _d33724002172918 _eTS2 _fc.2 _gDonaciØn _h50807 _i110479 _sb |
||
| 999 |
_c98821 _d98821 |
||